Directory of senior executives of public sector undertakings (Record no. 483805)

000 -LEADER
fixed length control field 00542cam a22001337a 4500
008 - FIXED-LENGTH DATA ELEMENTS--GENERAL INFORMATION
fixed length control field 180718b-- xxu||||| |||| 00| 0 eng d
082 ## - DEWEY DECIMAL CLASSIFICATION NUMBER
Classification number U61055x54
245 ## - TITLE STATEMENT
Title Directory of senior executives of public sector undertakings
Statement of responsibility, etc. by Centre of Publications, India
246 ## - VARYING FORM OF TITLE
Title proper/short title Publications of 2000 and 2002 were published by Delhi Information Bureau
260 ## - PUBLICATION, DISTRIBUTION, ETC.
Place of publication, distribution, etc. New Delhi
Name of publisher, distributor, etc. Centre of Publications
Date of publication, distribution, etc. --
500 ## - GENERAL NOTE
General note Library has 2000, 2002, 2005
650 ## - SUBJECT ADDED ENTRY--TOPICAL TERM
Topical term or geographic name entry element Public sector enterprises - Directories - India
700 ## - ADDED ENTRY--PERSONAL NAME
Personal name India. Centre of Publications
Holdings
Withdrawn status Lost status Damaged status Not for loan Permanent Location Current Location Date acquired Full call number Barcode Date last seen Price effective from Koha item type
        Indian Institute of Public Administration Indian Institute of Public Administration 2018-08-04 U61055x54 G20673 2018-08-04 2018-08-04 G
        Indian Institute of Public Administration Indian Institute of Public Administration 2018-08-04 U61055x54 G20150 2018-08-04 2018-08-04 G
        Indian Institute of Public Administration Indian Institute of Public Administration 2018-08-04 U61055x54 G20149 2018-08-04 2018-08-04 G
        Indian Institute of Public Administration Indian Institute of Public Administration 2018-08-04 U61055x54 G19729 2018-08-04 2018-08-04 G
        Indian Institute of Public Administration Indian Institute of Public Administration 2018-08-04 U61055x54 G19690 2018-08-04 2018-08-04 G

Powered by Koha